000 00722nam a2200217Ia 4500
003 GCL
008 140319s9999 xx 000 0 ara d
040 _aGCL /
_cGCL
082 0 4 _a813.009
_bح ا
100 1 _aحسين عيد
245 1 0 _aالابداع الادبى المصادر \ المخاطر /
_cحسين عيد
260 _a[S.N] :
_bالهيئة المصرية العامة للكتاب ،
_c1995
300 _a243 ص
490 _aالمكتبة الثقافية
_v0
650 0 4 _aالادب العربى
650 0 4 _aالقصص العربية
650 0 4 _aالابداع الادبى والفنى
650 0 4 _aتاريخ ونقد
650 0 4 _aالتحليل الايداعى
942 _2ddc
_cBK
999 _c37016
_d37016